000 00547nam a2200145Ia 4500
008 100204s9999 xx 000 0 und d
082 _b6617
100 _aदिवाणजी शकुंतला
245 _aमी प्रतिभाची आई लिहीते
260 _b"प्रपंच पंकाशन , पुणे"
_c1984
300 _a212
630 _aमी प्रतिभाची आई लिहीते
730 _aमी प्रतिभाची आई लिहीते
942 _cBOOK
999 _c451055
_d451052